000 00472nam a2200169Ia 4500
999 _c26376
_d26376
003 OSt
005 20211029103813.0
008 190216s9999||||xx |||||||||||||| ||und||
040 _coclc
082 _a894.81
_bBEN/S
100 _aBenjamin, D
_97821
245 0 _aSahitya Padanangal /
_cD Benjamin
260 _bNational Book Stall,
_aKottayam:
_c1984.
300 _a123p
650 _aNiroopanam
942 _cBK
_2ddc
_h894.81
_iBEN/S
_k894.81
_mBEN/S